|
|
|
|
| LEADER |
00000nam0a2200000 4500 |
| 001 |
276687 |
| 005 |
20231101234938.0 |
| 035 |
|
|
|a (RuTPU)RU\TPU\book\299960
|
| 035 |
|
|
|a RU\TPU\book\269608
|
| 090 |
|
|
|a 276687
|
| 100 |
|
|
|a 20141125d1985 km y0rusy5003 ca
|
| 101 |
0 |
|
|a rus
|
| 102 |
|
|
|a RU
|
| 105 |
|
|
|a y g 000zy
|
| 200 |
1 |
|
|a Мы и планета: цифры и факты
|f Я. А. Иоффе
|
| 205 |
|
|
|a 6-е изд., доп.
|
| 210 |
|
|
|a Москва
|c Политиздат
|d 1985
|
| 215 |
|
|
|a 224 с.
|
| 606 |
1 |
|
|a Мировая экономика
|2 stltpush
|3 (RuTPU)RU\TPU\subj\44096
|9 63470
|
| 606 |
1 |
|
|a Экономика
|x СССР
|2 stltpush
|3 (RuTPU)RU\TPU\subj\37359
|9 58390
|
| 610 |
1 |
|
|a зарубежные страны
|
| 610 |
1 |
|
|a справочники
|
| 610 |
1 |
|
|a статистика
|
| 610 |
1 |
|
|a Первая мировая война 1914-1918
|
| 610 |
1 |
|
|a Великая Отечественная война 1941-1945
|
| 610 |
1 |
|
|a материально-техническая база
|
| 610 |
1 |
|
|a внешнеэкономические связи
|
| 610 |
1 |
|
|a национальная политика
|
| 610 |
1 |
|
|a мировое хозяйство
|
| 610 |
1 |
|
|a образ жизни
|
| 610 |
1 |
|
|a транспорт
|
| 610 |
1 |
|
|a потребление
|
| 610 |
1 |
|
|a труд
|
| 610 |
1 |
|
|a социальное обеспечение
|
| 686 |
|
|
|a У9(2)0я2
|v LBC/SL-A
|2 rugasnti
|
| 686 |
|
|
|a У5я2
|v LBC/SL-A
|2 rubbk
|
| 700 |
|
1 |
|a Иоффе
|b Я. А.
|g Яков Абрамович
|
| 801 |
|
0 |
|a RU
|b 63413507
|c 19950417
|g psbo
|
| 801 |
|
1 |
|a RU
|b 63413507
|c 20140116
|
| 801 |
|
2 |
|a RU
|b 63413507
|c 20171215
|g RCR
|
| 942 |
|
|
|c BK
|